<?xml version="1.0" encoding="UTF-8"?>
<collection xmlns:xsi="http://www.w3.org/2001/XMLSchema-instance" xsi:schemaLocation="http://www.loc.gov/MARC21/slim http://www.loc.gov/standards/marcxml/schema/MARC21slim.xsd" xmlns="http://www.loc.gov/MARC21/slim">
 <record>
  <leader>00000cam a22000004i 4500</leader>
  <controlfield tag="001">UP-1685594773861188419</controlfield>
  <controlfield tag="003">Buklod</controlfield>
  <controlfield tag="005">20231017122038.0</controlfield>
  <controlfield tag="006">m    |o  d |      </controlfield>
  <controlfield tag="007">ta</controlfield>
  <controlfield tag="008">170306s1982    xx b    r    |000 0|eng d</controlfield>
  <datafield tag="020" ind1=" " ind2=" ">
   <subfield code="a">9715502792</subfield>
  </datafield>
  <datafield tag="035" ind1=" " ind2=" ">
   <subfield code="a">(iLib)UPBAG-00000007906</subfield>
  </datafield>
  <datafield tag="040" ind1=" " ind2=" ">
   <subfield code="a">DML</subfield>
   <subfield code="d">BAG</subfield>
   <subfield code="e">rda</subfield>
  </datafield>
  <datafield tag="041" ind1="0" ind2=" ">
   <subfield code="a">eng</subfield>
  </datafield>
  <datafield tag="090" ind1=" " ind2="0">
   <subfield code="a">HN 713</subfield>
   <subfield code="b">P49 1982</subfield>
  </datafield>
  <datafield tag="245" ind1="0" ind2="0">
   <subfield code="a">Philippine social history</subfield>
   <subfield code="b">global trade and local transformation</subfield>
   <subfield code="c">edited by Alfred W. McCoy &amp; Ed. C. de Jesus.</subfield>
  </datafield>
  <datafield tag="264" ind1=" " ind2="1">
   <subfield code="a">Quezon City</subfield>
   <subfield code="b">Ateneo de Manila University Press</subfield>
   <subfield code="c">1982.</subfield>
  </datafield>
  <datafield tag="300" ind1=" " ind2=" ">
   <subfield code="a">ix, 479 pages</subfield>
   <subfield code="b">maps</subfield>
   <subfield code="c">24 cm</subfield>
  </datafield>
  <datafield tag="336" ind1=" " ind2=" ">
   <subfield code="a">text</subfield>
   <subfield code="2">rdacontent</subfield>
  </datafield>
  <datafield tag="337" ind1=" " ind2=" ">
   <subfield code="a">unmediated</subfield>
   <subfield code="2">rdamedia</subfield>
  </datafield>
  <datafield tag="338" ind1=" " ind2=" ">
   <subfield code="a">volume</subfield>
   <subfield code="2">rdacarrier</subfield>
  </datafield>
  <datafield tag="490" ind1="1" ind2=" ">
   <subfield code="a">Southeast Asia publication series / Asian Studies Association of Australia</subfield>
   <subfield code="v">no.7</subfield>
  </datafield>
  <datafield tag="500" ind1=" " ind2=" ">
   <subfield code="a">Published in cooperation with Asian Studies Association of Australia.</subfield>
  </datafield>
  <datafield tag="505" ind1="0" ind2="0">
   <subfield code="a">Introduction: The social history of an archipelago / Alfred W. McCoy -- Control and compromise in the Cagayan Valley / Ed. C. De Jesus -- The Spanish occupation of the Cordillera in the 19th century / William H. Scott -- Changing human ecology on the Central Luzon Plain: Nueva Ecija, 1705- 1939 / Marshall S. McLennan --The social history of a Central Luzon barrio / Brian Fegan -- Church lands in the agrarian history of the Tagalog Region / Dennis M. Ruth -- The Provincial and Municipal elites of Luzon during the Revolution, 1898-1902 / Milagros C. Guerrero -- Abaca in Kabikolan: prosperity without progress / Norman G. Owen -- Continuity and change in the economic and administrative history of 19th Century Samar / Bruce Cruikshank -- The changing nature of the Cebu urban elite in the 19th century / Michael Cullinane -- a queen dies slowly: the rise4 and decline of Iloilo City / Alfred C. McCoy -- Frontier society on the Bukidnon Plateau, 1870-1941 / Ronald K. Edgerton --the defiant and the complainant: the Datus of Magindanao under colonial rule / Jeremy Beckett -- Slavery and the impact of external trade: the Sulu sultanate in the 19th century -- Conclusion: an agenda for Philippine studies / Ed C. De Jesus.</subfield>
  </datafield>
  <datafield tag="650" ind1=" " ind2="0">
   <subfield code="a">Philippines</subfield>
   <subfield code="x">Social conditions.</subfield>
  </datafield>
  <datafield tag="650" ind1=" " ind2="0">
   <subfield code="a">Philippines</subfield>
   <subfield code="x">Commerce.</subfield>
  </datafield>
  <datafield tag="700" ind1="1" ind2=" ">
   <subfield code="a">McCoy, Alfred W.</subfield>
   <subfield code="e">editor.</subfield>
  </datafield>
  <datafield tag="700" ind1="1" ind2=" ">
   <subfield code="a">De Jesus, Ed C.</subfield>
   <subfield code="e">editor.</subfield>
  </datafield>
  <datafield tag="905" ind1=" " ind2=" ">
   <subfield code="a">FI</subfield>
  </datafield>
  <datafield tag="852" ind1="0" ind2=" ">
   <subfield code="a">UPBAG</subfield>
   <subfield code="b">UPBAG-MAIN</subfield>
   <subfield code="h">HN 713 P49 1982</subfield>
  </datafield>
  <datafield tag="942" ind1=" " ind2=" ">
   <subfield code="a">Book</subfield>
  </datafield>
 </record>
</collection>
